[Event "CZE-chT2B 1415"]
[Site "Czech Republic"]
[Date "2014.12.14"]
[Round "4.5"]
[White "Riha, Jaroslav1111"]
[Black "Korschner, Miroslav"]
[Result "1-0"]
[WhiteElo "2037"]
[BlackElo "2078"]
[PlyCount "91"]
[EventDate "2014.11.02"]
[EventType "team-tourn"]
[EventRounds "11"]
[EventCountry "CZE"]
[SourceTitle "EXT 2022"]
[Source "ChessBase"]
[SourceDate "2021.10.06"]
[SourceVersion "1"]
[SourceVersionDate "2021.10.06"]
[SourceQuality "1"]
[WhiteTeam "Usti nad Labem"]
[BlackTeam "Neratovice"]
[WhiteTeamCountry "CZE"]
[BlackTeamCountry "CZE"]

1. c4 f5 2. g3 Nf6 3. Bg2 e6 4. Nf3 Be7 5. 0-0 0-0 6. d4 d5 7. Nc3 c6 8. Ne5 Nbd7 9. cxd5 exd5 10. Nd3 Ne4 11. Qc2 Ndf6 12. a4 h6 13. b3 Nxc3 14. Qxc3 Ne4 15. Qc2 Bf6 16. Bb2 Be6 17. Nc5 Nxc5 18. dxc5 Bxb2 19. Qxb2 f4 20. Qd4 Qg5 21. Rac1 h5 22. Rc3 h4 23. e4 Rad8 24. e5 Rd7 25. Re1 g6 26. Qd2 Rh7 27. h3 d4 28. Rf3 hxg3 29. Rxg3 fxg3 30. Qxg5 gxf2+ 31. Kf1 fxe1Q+ 32. Kxe1 Bxb3 33. Be4 Rg7 34. h4 Bd5 35. Bxg6 Be4 36. h5 Bxg6 37. hxg6 Rd7 38. Kd2 Rg7 39. Kd3 Re8 40. Kxd4 b6 41. e6 bxc5+ 42. Kxc5 Ree7 43. a5 Re8 44. a6 Ree7 45. Qf6 Re8 46. Qf7+ 1-0

[Event "CZE-chT2B 1213"]
[Site "Czech Republic"]
[Date "2013.01.20"]
[Round "7.3"]
[White "Korschner, Miroslav"]
[Black "Palas, Ales"]
[Result "1/2-1/2"]
[WhiteElo "2153"]
[BlackElo "2020"]
[PlyCount "62"]
[EventDate "2012.10.14"]
[EventType "team-tourn"]
[EventRounds "11"]
[EventCountry "CZE"]
[SourceTitle "EXT 2015"]
[Source "ChessBase"]
[SourceDate "2014.11.20"]
[SourceVersion "1"]
[SourceVersionDate "2014.11.20"]
[SourceQuality "1"]
[WhiteTeam "Usti nad Labem"]
[BlackTeam "Kralupy nad Vltavou"]
[WhiteTeamCountry "CZE"]
[BlackTeamCountry "CZE"]

1. Nf3 Nf6 2. c4 g6 3. g3 Bg7 4. Bg2 0-0 5. 0-0 d5 6. cxd5 Nxd5 7. Nc3 Nb6 8. d4 Nc6 9. d5 Na5 10. e4 c6 11. dxc6 Qxd1 12. Rxd1 bxc6 13. Nd4 Bb7 14. Bg5 Rfe8 15. b3 c5 16. Nde2 c4 17. Rab1 cxb3 18. axb3 Rac8 19. Nd5 Nxd5 20. exd5 Rc2 21. Nd4 Ra2 22. b4 Nc4 23. Nc6 Kf8 24. Rbc1 Nd6 25. Bh3 Ne4 26. Bxe7+ Rxe7 27. Nxe7 Nxf2 28. Bc8 Nxd1 29. Rxd1 Kxe7 30. d6+ Kd8 31. Bxb7 Ra1 1/2-1/2

[Event "Hrdonov Fontana op"]
[Site "Hrdonov"]
[Date "2012.10.26"]
[Round "8"]
[White "Korschner, Miroslav"]
[Black "Franc, Ondrej"]
[Result "1/2-1/2"]
[WhiteElo "2153"]
[BlackElo "1803"]
[PlyCount "124"]
[EventDate "2012.10.20"]
[EventType "swiss"]
[EventRounds "9"]
[EventCountry "CZE"]
[SourceTitle "CBM 151 Extra"]
[Source "ChessBase"]
[SourceDate "2012.12.18"]
[SourceVersion "1"]
[SourceVersionDate "2012.12.18"]
[SourceQuality "1"]

1. Nf3 d5 2. g3 c5 3. Bg2 Nc6 4. d4 e6 5. 0-0 Nf6 6. e3 Bd6 7. dxc5 Bxc5 8. c4 0-0 9. Nc3 dxc4 10. Qa4 Qe7 11. Qxc4 e5 12. e4 h6 13. Nd5 Nxd5 14. exd5 Nd4 15. Nxd4 Bxd4 16. Be3 Bxe3 17. fxe3 Qd6 18. Rac1 Rd8 19. Qc7 f6 20. Rf2 b6 21. Bf1 Kf8 22. e4 Bg4 23. h3 Bh5 24. Rc6 Qxc7 25. Rxc7 Bg6 26. Bd3 Be8 27. Rfc2 Rd7 28. Rc8 Rd8 29. Rxa8 Rxa8 30. Rc7 a6 31. Kf2 b5 32. Ke3 Rd8 33. Ra7 Rd6 34. g4 Bd7 35. Kd2 h5 36. Be2 hxg4 37. Bxg4 Bxg4 38. hxg4 g6 39. Kc3 f5 40. gxf5 gxf5 41. exf5 Rxd5 42. Rxa6 e4 43. Rf6+ Ke7 44. Re6+ Kd7 45. Rxe4 Rxf5 46. a3 Kc6 47. Re6+ Kc5 48. Re3 Rg5 49. b4+ Kd6 50. Kb3 Rg1 51. Rc3 Rb1+ 52. Kc2 Rh1 53. Rc5 Rh2+ 54. Kb3 Rh3+ 55. Rc3 Rh1 56. Kb2 Rh2+ 57. Rc2 Rh4 58. Rg2 Rh6 59. a4 Rh4 60. Rd2+ Kc6 61. Rc2+ Kb6 62. Kb3 bxa4+ 1/2-1/2

[Event "Hrdonov Fontana op"]
[Site "Hrdonov"]
[Date "2012.10.20"]
[Round "1"]
[White "Sedivy, Martin"]
[Black "Korschner, Miroslav"]
[Result "1-0"]
[WhiteElo "1878"]
[BlackElo "2153"]
[PlyCount "67"]
[EventDate "2012.10.20"]
[EventType "swiss"]
[EventRounds "9"]
[EventCountry "CZE"]
[SourceTitle "CBM 151 Extra"]
[Source "ChessBase"]
[SourceDate "2012.12.18"]
[SourceVersion "1"]
[SourceVersionDate "2012.12.18"]
[SourceQuality "1"]

1. e4 e6 2. d4 d5 3. Nc3 Nf6 4. Bg5 Be7 5. Bxf6 Bxf6 6. exd5 exd5 7. Qd2 Qe7+ 8. Nge2 c6 9. 0-0-0 0-0 10. Rg1 Qd6 11. f4 Nd7 12. Kb1 Nb6 13. Nc1 Bg4 14. Re1 Nc4 15. Bxc4 dxc4 16. h3 Be6 17. N1e2 Qb4 18. g4 Rad8 19. f5 Bc8 20. Qf4 g5 21. Qe3 Rfe8 22. Ne4 Rxe4 23. Qxe4 c3 24. Nxc3 Rxd4 25. Qe8+ Kg7 26. Qxc8 Rd8 27. a3 Qb6 28. Qxd8 Qxd8 29. Ne4 Bd4 30. Rg2 Qb6 31. c3 Be3 32. Nd6 Bc5 33. Ne8+ Kh6 34. Rge2 1-0

[Event "CZE-chT1W 1112"]
[Site "Czech Republic"]
[Date "2012.01.29"]
[Round "7.7"]
[White "Korschner, Miroslav"]
[Black "Simecek, Alexej"]
[Result "1/2-1/2"]
[WhiteElo "2117"]
[BlackElo "2140"]
[PlyCount "22"]
[EventDate "2011.10.02"]
[EventType "team-tourn"]
[EventRounds "11"]
[EventCountry "CZE"]
[SourceTitle "EXT 2013"]
[Source "ChessBase"]
[SourceDate "2012.11.22"]
[SourceVersion "1"]
[SourceVersionDate "2012.11.22"]
[SourceQuality "1"]
[WhiteTeam "Postovni sporitelna II"]
[BlackTeam "Praha Holdia II"]
[WhiteTeamCountry "CZE"]
[BlackTeamCountry "CZE"]

1. Nf3 Nf6 2. d4 b6 3. Bg5 d5 4. c4 Bb7 5. Nc3 e6 6. e3 Be7 7. Be2 0-0 8. 0-0 Nbd7 9. cxd5 Nxd5 10. Bxe7 Qxe7 11. Nxd5 Bxd5 1/2-1/2

[Event "Frydek Mistek Chance Cup op"]
[Site "Frydek Mistek"]
[Date "2011.04.23"]
[Round "5"]
[White "Korschner, Miroslav"]
[Black "Orosi, Peter"]
[Result "1/2-1/2"]
[WhiteElo "2124"]
[BlackElo "2020"]
[PlyCount "64"]
[EventDate "2011.04.21"]
[EventType "swiss"]
[EventRounds "9"]
[EventCountry "CZE"]
[SourceTitle "EXT 2012"]
[Source "ChessBase"]
[SourceDate "2011.11.24"]
[SourceVersion "1"]
[SourceVersionDate "2011.11.24"]
[SourceQuality "1"]

1. Nf3 Nf6 2. d4 d5 3. c4 c6 4. Nc3 dxc4 5. a4 Bf5 6. e3 e6 7. Bxc4 Nbd7 8. 0-0 Bb4 9. Qb3 Qb6 10. Na2 Bd6 11. Bd2 Qxb3 12. Bxb3 a5 13. Nc3 0-0 14. Rfe1 Ne4 15. Nxe4 Bxe4 16. Ng5 Bd5 17. Bc2 h6 18. Ne4 Bxe4 19. Bxe4 Nf6 20. Bd3 Nd5 21. Rac1 Bb4 22. Bc3 Rfe8 23. Bc4 Rad8 24. Red1 e5 25. Bxd5 Rxd5 26. Bxb4 axb4 27. Rc4 exd4 28. exd4 b3 29. Kf1 Ra8 30. Rd3 Rda5 31. Rb4 Rxa4 32. Rxb7 Rd8 1/2-1/2

[Event "CZE-chT1W 0910"]
[Site "Czech Republic"]
[Date "2010.04.11"]
[Round "11.5"]
[White "Pesout, Jan"]
[Black "Korschner, Miroslav"]
[Result "1-0"]
[WhiteElo "2248"]
[BlackElo "2137"]
[PlyCount "83"]
[EventDate "2009.10.11"]
[EventType "team-tourn"]
[EventRounds "11"]
[EventCountry "CZE"]
[SourceTitle "EXT 2011"]
[Source "ChessBase"]
[SourceDate "2010.11.26"]
[SourceVersion "1"]
[SourceVersionDate "2010.11.26"]
[SourceQuality "1"]
[WhiteTeam "Praha Pankrac"]
[BlackTeam "Teplice"]
[WhiteTeamCountry "CZE"]
[BlackTeamCountry "CZE"]

1. Nf3 c5 2. c4 Nc6 3. Nc3 g6 4. g3 Bg7 5. Bg2 e5 6. h4 f5 7. d3 Nge7 8. Bg5 d6 9. h5 0-0 10. hxg6 hxg6 11. Qd2 Be6 12. Nh4 Kf7 13. Bd5 Qd7 14. 0-0-0 Rh8 15. f4 Rab8 16. e3 exf4 17. gxf4 Bxd5 18. Nxd5 Nxd5 19. cxd5 Nb4 20. a3 Nxd5 21. e4 Nb6 22. Qg2 Qe6 23. Kb1 Na4 24. exf5 gxf5 25. Rde1 Qb3 26. Re7+ Kg8 27. Rxg7+ Kxg7 28. Bh6+ Kf7 29. Qg7+ Ke8 30. Re1+ Kd8 31. Bg5+ Kc8 32. Qxh8+ Kc7 33. Qg7+ Kc6 34. Bf6 Qxd3+ 35. Ka1 Nb6 36. Ng6 Nc4 37. Ne7+ Kb5 38. Qg2 Ne3 39. Rxe3 Qxe3 40. Qf1+ c4 41. a4+ Kc5 42. b4+ 1-0

[Event "CZE-chT1W 0910"]
[Site "Czech Republic"]
[Date "2010.03.21"]
[Round "10.6"]
[White "Chalupa, Ivan"]
[Black "Korschner, Miroslav"]
[Result "1/2-1/2"]
[WhiteElo "2194"]
[BlackElo "2137"]
[PlyCount "75"]
[EventDate "2009.10.11"]
[EventType "team-tourn"]
[EventRounds "11"]
[EventCountry "CZE"]
[SourceTitle "EXT 2011"]
[Source "ChessBase"]
[SourceDate "2010.11.26"]
[SourceVersion "1"]
[SourceVersionDate "2010.11.26"]
[SourceQuality "1"]
[WhiteTeam "Vysehrad"]
[BlackTeam "Teplice"]
[WhiteTeamCountry "CZE"]
[BlackTeamCountry "CZE"]

1. e4 c5 2. Nf3 d6 3. d4 cxd4 4. Nxd4 Nf6 5. Nc3 g6 6. g3 Bg7 7. Bg2 0-0 8. 0-0 Nc6 9. Nde2 Bd7 10. h3 Rc8 11. Nd5 Ne5 12. Nec3 Nc4 13. Rb1 Nxd5 14. Nxd5 Nb6 15. Nxb6 Qxb6 16. c3 Be6 17. Be3 Qa5 18. a3 b5 19. Bd4 Bxd4 20. Qxd4 Qa4 21. Qe3 Rc7 22. h4 Qc4 23. Rbd1 a5 24. e5 dxe5 25. Qxe5 Qc5 26. Qxc5 Rxc5 27. Rd4 Kg7 28. Rfd1 Rb8 29. f4 Rc4 30. Bf1 Rc5 31. R1d2 h5 32. Kf2 Kf6 33. Ke3 Rb6 34. Bg2 Rc4 35. Bf1 Rc5 36. Bg2 Rc4 37. Bf1 Rc5 38. Bg2 1/2-1/2

[Event "CZE-chT2B 0910"]
[Site "Czech Republic"]
[Date "2009.11.22"]
[Round "3.3"]
[White "Ruzicka, Vaclav1111"]
[Black "Korschner, Miroslav"]
[Result "1-0"]
[WhiteElo "2082"]
[BlackElo "2137"]
[PlyCount "67"]
[EventDate "2009.10.18"]
[EventType "team-tourn"]
[EventRounds "11"]
[EventCountry "CZE"]
[SourceTitle "EXT 2012"]
[Source "ChessBase"]
[SourceDate "2011.11.24"]
[SourceVersion "1"]
[SourceVersionDate "2011.11.24"]
[SourceQuality "1"]
[WhiteTeam "Kladno"]
[BlackTeam "Usti nad Labem"]
[WhiteTeamCountry "CZE"]
[BlackTeamCountry "CZE"]

1. c4 g6 2. Nc3 Bg7 3. g3 Nf6 4. Bg2 0-0 5. e4 d6 6. d3 c5 7. Nge2 Nc6 8. h3 e5 9. Be3 Bd7 10. f4 Nd4 11. g4 a6 12. f5 b5 13. g5 Nh5 14. f6 Bh8 15. Nd5 h6 16. Bxd4 cxd4 17. h4 Bg4 18. Rg1 bxc4 19. dxc4 Ng3 20. Bf1 Bxe2 21. Bxe2 Nxe4 22. Qc2 Nc5 23. b4 Ne6 24. h5 Ra7 25. hxg6 Nxg5 26. g7 Bxg7 27. fxg7 Kxg7 28. Qf5 Rg8 29. Bd3 Kf8 30. Rh1 Rg6 31. 0-0-0 Re6 32. Rh4 Qc8 33. Rxh6 e4 34. Rh8+ 1-0

[Event "Harrachov op-A"]
[Site "Harrachov"]
[Date "2009.10.29"]
[Round "7"]
[White "Korschner, Miroslav"]
[Black "Navratil, Jiri2222"]
[Result "1-0"]
[WhiteElo "2138"]
[BlackElo "1891"]
[PlyCount "31"]
[EventDate "2009.10.24"]
[EventType "swiss"]
[EventRounds "9"]
[EventCountry "CZE"]
[SourceTitle "EXT 2012"]
[Source "ChessBase"]
[SourceDate "2011.11.24"]
[SourceVersion "1"]
[SourceVersionDate "2011.11.24"]
[SourceQuality "1"]

1. Nf3 d5 2. d4 Nc6 3. Bf4 Nf6 4. e3 Bg4 5. Nbd2 e6 6. c3 Bd6 7. Qb3 0-0 8. Qxb7 Qd7 9. Bb5 Rab8 10. Qxc6 Rxb5 11. Qxd7 Nxd7 12. b4 a5 13. a4 Rb7 14. b5 Bxf4 15. exf4 c6 16. bxc6 1-0

[Event "Harrachov op-A"]
[Site "Harrachov"]
[Date "2009.10.27"]
[Round "4"]
[White "Korschner, Miroslav"]
[Black "Kracik, Tomas"]
[Result "1/2-1/2"]
[WhiteElo "2138"]
[BlackElo "2126"]
[PlyCount "33"]
[EventDate "2009.10.24"]
[EventType "swiss"]
[EventRounds "9"]
[EventCountry "CZE"]
[SourceTitle "EXT 2012"]
[Source "ChessBase"]
[SourceDate "2011.11.24"]
[SourceVersion "1"]
[SourceVersionDate "2011.11.24"]
[SourceQuality "1"]

1. Nf3 d5 2. d4 e6 3. c4 f5 4. Nc3 Nf6 5. Ne5 Be7 6. f4 0-0 7. e3 c6 8. Be2 Nbd7 9. 0-0 Ne4 10. Nxe4 fxe4 11. Bd2 Nxe5 12. fxe5 Rxf1+ 13. Qxf1 Bd7 14. c5 Qe8 15. g3 b6 16. b4 b5 17. a4 1/2-1/2

[Event "CZE-chT1W 0910"]
[Site "Czech Republic"]
[Date "2009.10.11"]
[Round "1.7"]
[White "Korschner, Miroslav"]
[Black "Bednar, Marcel"]
[Result "1-0"]
[WhiteElo "2137"]
[BlackElo "2159"]
[PlyCount "97"]
[EventDate "2009.10.11"]
[EventType "team-tourn"]
[EventRounds "11"]
[EventCountry "CZE"]
[SourceTitle "EXT 2011"]
[Source "ChessBase"]
[SourceDate "2010.11.26"]
[SourceVersion "1"]
[SourceVersionDate "2010.11.26"]
[SourceQuality "1"]
[WhiteTeam "Teplice"]
[BlackTeam "Holdia"]
[WhiteTeamCountry "CZE"]
[BlackTeamCountry "CZE"]

1. Nf3 Nf6 2. c4 e6 3. d4 b6 4. Nc3 Bb4 5. Qb3 c5 6. Bg5 Bb7 7. a3 Bxc3+ 8. Qxc3 0-0 9. e3 Qe7 10. Be2 d6 11. 0-0 Nbd7 12. Nd2 e5 13. d5 e4 14. f4 b5 15. b3 a5 16. a4 b4 17. Qb2 Rae8 18. g4 Bc8 19. Rf2 Kh8 20. Nf1 Rg8 21. Ng3 Nf8 22. Rg2 h6 23. Bxh6 gxh6 24. Nh5 N8h7 25. h4 Rg6 26. g5 Reg8 27. Kf2 hxg5 28. hxg5 Nxg5 29. fxg5 Rxg5 30. Rh2 Rxh5 31. Bxh5 Kg7 32. Rf1 Qe5 33. Qxe5 dxe5 34. Ke1 Bg4 35. Rg2 Nxh5 36. Rxg4+ Kf8 37. Rxg8+ Kxg8 38. Rf5 Ng7 39. Rxe5 Kf8 40. Rxe4 Nf5 41. Re5 Nd6 42. Kd2 Nc8 43. Kd3 Nb6 44. d6 f6 45. Rxc5 Kf7 46. Rxa5 Ke6 47. Rb5 Kxd6 48. Rxb6+ Kc5 49. Rb5+ 1-0

[Event "CZE-chTW U20 0910"]
[Site "Czech Republic"]
[Date "2009.10.04"]
[Round "3.1"]
[White "Jancarik, Joel"]
[Black "Korschner, Miroslav"]
[Result "1-0"]
[WhiteElo "2135"]
[BlackElo "2137"]
[PlyCount "45"]
[EventDate "2009.10.03"]
[EventType "team-tourn"]
[EventRounds "7"]
[EventCountry "CZE"]
[SourceTitle "EXT 2011"]
[Source "ChessBase"]
[SourceDate "2010.11.26"]
[SourceVersion "1"]
[SourceVersionDate "2010.11.26"]
[SourceQuality "1"]
[WhiteTeam "Liberec (U20)"]
[BlackTeam "Most (U20)"]
[WhiteTeamCountry "CZE"]
[BlackTeamCountry "CZE"]

1. e4 c5 2. Nf3 d6 3. d4 cxd4 4. Nxd4 Nf6 5. Nc3 g6 6. Bc4 Bg7 7. f3 Nc6 8. Be3 0-0 9. Qd2 Bd7 10. 0-0-0 Qb8 11. h4 Rc8 12. Bb3 Ne5 13. h5 Nc4 14. Bxc4 Rxc4 15. Nde2 Qc8 16. Bh6 Bh8 17. hxg6 fxg6 18. Bg5 Qf8 19. e5 Rxc3 20. Nxc3 Nh5 21. exd6 Bxc3 22. Qxc3 exd6 23. Qc4+ 1-0

[Event "CZE-ch U16"]
[Site "Sec u Chrudimi"]
[Date "2008.11.01"]
[Round "9"]
[White "Chmel, Kristian"]
[Black "Korschner, Miroslav"]
[Result "1/2-1/2"]
[WhiteElo "1918"]
[BlackElo "2201"]
[PlyCount "38"]
[EventDate "2008.10.25"]
[EventType "swiss"]
[EventRounds "9"]
[EventCountry "CZE"]
[SourceTitle "EXT 2022"]
[Source "ChessBase"]
[SourceDate "2021.10.06"]
[SourceVersion "1"]
[SourceVersionDate "2021.10.06"]
[SourceQuality "1"]

1. e4 e6 2. d4 d5 3. Nd2 Nf6 4. e5 Nfd7 5. f4 c5 6. c3 Nc6 7. Ndf3 cxd4 8. cxd4 Qb6 9. h4 Bb4+ 10. Kf2 f6 11. Be3 0-0 12. Ne2 Be7 13. Qd2 Qd8 14. Kg3 Bb4 15. Qd1 Qc7 16. Rc1 Qb6 17. Kf2 Be7 18. Qd2 a5 19. a4 Qb3 1/2-1/2

[Event "CZE-ch U16"]
[Site "Sec u Chrudimi"]
[Date "2008.10.28"]
[Round "4"]
[White "Korschner, Miroslav"]
[Black "Grussova, Helena"]
[Result "1-0"]
[WhiteElo "2201"]
[BlackElo "1873"]
[PlyCount "69"]
[EventDate "2008.10.25"]
[EventType "swiss"]
[EventRounds "9"]
[EventCountry "CZE"]
[SourceTitle "EXT 2022"]
[Source "ChessBase"]
[SourceDate "2021.10.06"]
[SourceVersion "1"]
[SourceVersionDate "2021.10.06"]
[SourceQuality "1"]

1. d4 d5 2. Nf3 Nf6 3. c4 e6 4. Nc3 c6 5. Bg5 Be7 6. e3 Nbd7 7. Qc2 h6 8. Bh4 dxc4 9. Bxc4 b5 10. Be2 Bb7 11. Rd1 a6 12. 0-0 0-0 13. e4 Re8 14. Bd3 Qb6 15. Qe2 c5 16. e5 Nd5 17. Qe4 Nf8 18. Qg4 f5 19. exf6 Nxf6 20. Qh3 Bxf3 21. gxf3 cxd4 22. Ne2 Nd5 23. Kh1 Bxh4 24. Qxh4 e5 25. Rg1 Qf6 26. Qh5 Re7 27. Rg2 Raa7 28. Rdg1 Nf4 29. Nxf4 Qxf4 30. Be4 Kh8 31. Rg5 Kg8 32. Qxh6 g6 33. Bd5+ Ne6 34. Rxg6+ Kf7 35. Qh5 1-0

[Event "Teplice op 3rd"]
[Site "Teplice"]
[Date "2008.06.20"]
[Round "7"]
[White "Rutter, Lidmila"]
[Black "Korschner, Miroslav"]
[Result "0-1"]
[WhiteElo "1893"]
[BlackElo "2084"]
[PlyCount "124"]
[EventDate "2008.06.14"]
[EventType "swiss"]
[EventRounds "9"]
[EventCountry "CZE"]
[SourceTitle "CBM 125 Extra"]
[Source "ChessBase"]
[SourceDate "2008.09.01"]
[SourceVersion "1"]
[SourceVersionDate "2008.09.01"]
[SourceQuality "1"]

1. e4 e6 2. d4 d5 3. exd5 exd5 4. Bd3 Bd6 5. Nf3 h6 6. 0-0 Qf6 7. Re1+ Ne7 8. Ne5 0-0 9. Nd2 c5 10. c3 Nbc6 11. Ndf3 cxd4 12. Nxc6 Nxc6 13. Nxd4 Nxd4 14. cxd4 Bf5 15. Be3 Rac8 16. Qd2 Qg6 17. Bxf5 Qxf5 18. Rac1 Rfe8 19. Rxc8 Rxc8 20. Rc1 Re8 21. Qa5 Qh5 22. h3 Re6 23. Qc3 g5 24. Qd3 g4 25. Bd2 gxh3 26. Qxh3 Qxh3 27. gxh3 Re2 28. Rd1 Kg7 29. Kf1 Re4 30. Be3 f5 31. Rd3 Kg6 32. Kg2 f4 33. Bd2 Kf5 34. Kf3 Be7 35. Bc3 Bf6 36. Rd1 h5 37. Rd3 b5 38. b3 Bd8 39. Bb4 Bf6 40. a4 bxa4 41. Bc5 axb3 42. Bxa7 b2 43. Rb3 Bxd4 44. Bxd4 Rxd4 45. Rxb2 Rd3+ 46. Kg2 h4 47. Rb8 f3+ 48. Kh2 Rd2 49. Kg1 d4 50. Rf8+ Ke4 51. Rh8 Kd3 52. Rxh4 Rd1+ 53. Kh2 Ke2 54. Kg3 Rg1+ 55. Kh2 Rg2+ 56. Kh1 d3 57. Re4+ Kxf2 58. Rd4 Ke3 59. Rd8 d2 60. h4 Rg4 61. h5 Rh4+ 62. Kg1 f2+ 0-1